000 00597nam a22001697a 4500
005 20250728154458.0
008 250728b |||||||| |||| 00| 0 eng d
020 _a0-313-27251-4
050 _aCD 950 .C69 1992
100 _aCOX, RICHARD J
245 _aMANAGING INSTITUTIONAL ARCHIVES: FOUNDATIONAL PRINCIPLES AND PRACTICES
260 _aNEW YORK
_bGREENWOOD PRESS,
_c1992
300 _aXI, 306 P.: ILL.
500 _aINCLUDES BIBLIOGRAPHICAL REFERENCES AND INDEX
650 _a1. ARCHIVES--ADMINISTRATION 2. ASSOCIATIONS, INSTITUTIONS, ETC.--ARCHIVES--ADMINISTRATION
942 _2lcc
_cBK
999 _c215966
_d215966